Sujetos Federales de Rusia - Estadísticas

Estadísticas generales
  • Esta prueba ha sido intentada 3.366 veces
    2.302 desde el último reinicio
  • La puntuación promedio es 26 de 85
Respuestas en el mapa
Las respuestas están codificadas por una escala verde-roja en el mapa de la prueba según el % correcto abajo.
 
Estadísticas de respuestas
Tipo Sujeto Federal % Correcto
Oblast Moscú
94%
City Moscú
94%
City San Petersburgo
78%
Republic Crimea
72%
Oblast Kaliningrado
63%
Republic Chechenia
60%
Krai Kamchatka
52%
Republic Daguestán
47%
Republic Sajá
47%
City Sebastopol
43%
Oblast Volgogrado
43%
Oblast Leningrado
42%
Oblast Rostov
42%
Krai Krasnodar
41%
Republic Osetia del Norte-Alania
41%
Oblast Omsk
38%
Oblast Sajalín
37%
Oblast Múrmansk
36%
Oblast Kursk
35%
Óblast Autónomo Óblast Autónomo Hebreo
35%
Republic Carelia
34%
Krai Krasnoyarsk
34%
Oblast Nóvgorod
34%
Oblast Samara
33%
Oblast Arcángel
32%
Oblast Irkutsk
32%
Republic Tuvá
32%
Oblast Novosibirsk
31%
Krai Perm
30%
Republic Altái
29%
Krai Altái
29%
Oblast Tula
29%
Oblast Amur
28%
Ókrug Autónomo Chukotka
28%
Republic Ingusetia
28%
Oblast Magadán
28%
Republic Tartaristán
28%
Oblast Nizhni Nóvgorod
27%
Oblast Tomsk
27%
Oblast Astracán
26%
Oblast Vladímir
26%
Oblast Bélgorod
25%
Republic Komi
25%
Oblast Pskov
25%
Oblast Smolensk
25%
Ókrug Autónomo Yamalia-Nenetsia
25%
Republic Buriatia
24%
Oblast Cheliábinsk
24%
Ókrug Autónomo Nenetsia
24%
Oblast Tver
24%
Oblast Vorónezh
24%
Republic Adigueya
23%
Oblast Briansk
23%
Krai Jabárovsk
23%
Republic Kabardia-Balkaria
23%
Republic Kalmukia
23%
Republic Mari-El
23%
Krai Primorie
23%
Oblast Sarátov
23%
Republic Mordovia
22%
Oblast Oriol
22%
Krai Stávropol
22%
Republic Udmurtia
22%
Republic Baskortostán
21%
Republic Chuvasia
21%
Ókrug Autónomo Janti-Mansi
21%
Republic Karacháyevo-Cherkesia
21%
Oblast Oremburgo
21%
Oblast Riazán
21%
Krai Transbaikalia
21%
Oblast Ivánovo
20%
Oblast Kaluga
20%
Oblast Tiumén
20%
Oblast Vólogda
20%
Republic Jakasia
19%
Oblast Kémerovo
19%
Oblast Kírov
19%
Oblast Yaroslavl
19%
Oblast Kurgán
18%
Oblast Lípetsk
18%
Oblast Penza
18%
Oblast Sverdlovsk
18%
Oblast Tambov
18%
Oblast Uliánovsk
18%
Oblast Kostromá
16%
No se encontraron pruebas coincidentes
Distribución de puntuación
Porcentaje de gente con cada puntuación
Porcentaje por número respondido
Historial de tus puntuaciones
No has intentado esta prueba desde el último reinicio